000
00412nam a2200205Ia 4500
003
IT-RoPAU
008
120407s9999 xx 000 0 und d
040
_a
IT-RoPAU
040
_c
IT-RoPAU
041
_a
ita
100
_a
Luigi Pirandello
245
_a
Tutti i romanzi
260
_a
Mondadori
260
_c
1944
300
_a
1343 p.
300
_c
20 cm
490
_v
1
942
_c
BK
999
_c
25341
_d
25341